|
|
|
|
| LEADER |
00000cam a2200000 7i4500 |
| 001 |
0000023896 |
| 005 |
20111115.0 |
| 008 |
111114s nyua eng |
| 020 |
|
|
|a 9780071625579 ,
|c RM358.00
|
| 040 |
|
|
|a INS
|
| 090 |
0 |
0 |
|a TJ363
|b S53 2011
|
| 100 |
1 |
|
|a Shapiro, Lawrence K
|
| 245 |
1 |
0 |
|a Cranes and derricks
|c Lawrence K.Shapiro, Jay P. Shapiro
|
| 250 |
|
|
|a 4th ed.
|
| 260 |
|
|
|a New York :
|b McGrawHill ,
|c 2011
|
| 300 |
|
|
|a xxv, 654p. :
|b ill. ;
|c 23cm.
|
| 504 |
|
|
|a Includes bibliographical references
|
| 650 |
|
0 |
|a Cranes, derricks, etc.
|
| 700 |
1 |
|
|a Shapiro, Jay P
|
| 999 |
|
|
|a 1000000442
|b BOOK
|c Open Shelf
|e Default branch
|